අසමසම ජීවිතයක් = Lulu Life/

Saved in:
Bibliographic Details
Main Author: මාර්ක්ටිවෙන්
Other Authors: කළුආරච්චි, සමන්
Format: Book
Language:English
Sinhalese
Published: කොළඹ ; සූරිය, 2025
Subjects:
Tags: Add Tag
No Tags, Be the first to tag this record!

MARC

LEADER 00000nam a22000007a 4500
003 LK-VePL
005 20251213134623.0
008 251213b |||||||| |||| 00| 0 eng d
020 |a 9786246446703 
040 |a LK-VePL  |b sin  |d LK-VePL 
041 |a sin 
082 |a 839.53  |b මාර්ක් 
100 |a මාර්ක්ටිවෙන් 
245 |a අසමසම ජීවිතයක් = Lulu Life/  |c මාර්ක්ටාවෙන් 
260 |a කොළඹ ;  |b සූරිය,  |c 2025 
300 |a පි. 451 :  |c සෙ.මී. 21 
650 0 |a පරිවර්තන 
653 |a කැනඩාව 
700 |a කළුආරච්චි, සමන් 
942 |c LBK 
999 |c 13275  |d 13275